[Event "XI Open Elite"]
[Site "Bergamo ITA"]
[Date "2012.07.15"]
[Round "6"]
[White "Guzzetti, Luigi Enrico"]
[Black "Cattaneo, Marco"]
[WhiteElo "1908"]
[BlackElo "2032"]
[Result "1/2-1/2"]
[PlyCount "65"]
[EventDate "2012.07.13"]

1. e4 Nf6 2. d3 d5 3. exd5 Nxd5 4. Nf3 Nc6 5. Be2 e5 6. O-O Be7 7. Nc3 O-O 8.
Nxd5 Qxd5 9. Bg5 Bxg5 10. Nxg5 Nd4 11. Bf3 Nxf3+ 12. Qxf3 Qxf3 13. Nxf3 f6 14.
h3 b6 15. Rfe1 Bb7 16. Nd2 Rad8 17. Ne4 Rd4 18. f3 Kf7 19. a3 Rfd8 20. Kf2 c5
21. Nc3 Ba6 22. Ne2 R4d6 23. b3 Bb7 24. Nc3 a6 25. a4 Re8 26. Re3 f5 27. Rae1
Rde6 28. R3e2 h5 29. h4 Bc6 30. g3 Kf6 31. f4 e4 32. dxe4 Bxe4 33. Rd1 1/2-1/2

[Event "XI Open Elite"]
[Site "Bergamo ITA"]
[Date "2012.07.15"]
[Round "6"]
[White "Kasparov, Sergey"]
[Black "Danin, Alexandre"]
[WhiteElo "2493"]
[BlackElo "2525"]
[Result "1/2-1/2"]
[PlyCount "48"]
[EventDate "2012.07.13"]

1. e4 g6 2. d4 Bg7 3. Nc3 d6 4. Nge2 Nf6 5. g3 O-O 6. Bg2 e5 7. O-O c6 8. a4 a5
9. h3 Na6 10. Be3 Nb4 11. g4 Be6 12. Ng3 Bc4 13. Re1 Qc7 14. b3 Ba6 15. Na2 d5
16. Nxb4 axb4 17. dxe5 Nxe4 18. Bxe4 dxe4 19. Bf4 f5 20. gxf5 gxf5 21. Qh5 Bxe5
22. Bxe5 Qxe5 23. Nxe4 Rae8 24. Ng3 Qxe1+ 1/2-1/2

[Event "XI Open Elite"]
[Site "Bergamo ITA"]
[Date "2012.07.15"]
[Round "6"]
[White "Kimbin, Richard Conrod"]
[Black "Di Lascio, Savino"]
[WhiteElo "1951"]
[BlackElo "1946"]
[Result "1-0"]
[PlyCount "65"]
[EventDate "2012.07.13"]

1. Nf3 d5 2. g3 Nc6 3. Bg2 e5 4. d3 Be7 5. c4 d4 6. O-O h5 7. Qa4 Bd7 8. Na3 h4
9. Qb5 hxg3 10. fxg3 Bf6 11. Qxb7 Rb8 12. Qa6 Rb6 13. Qa4 Nge7 14. Rb1 Qc8 15.
Bd2 Bh3 16. Rf2 Bxg2 17. Kxg2 Qh3+ 18. Kg1 Rh5 19. c5 Rb8 20. Nc4 Kf8 21. Na5
Nxa5 22. Qxa5 Qc8 23. b4 g5 24. Nxd4 exd4 25. Rxf6 Nd5 26. Rf2 Kg7 27. c6 g4
28. Qc5 Qe6 29. Qxd4+ Kg8 30. Rbf1 f5 31. Rxf5 Rxf5 32. Qxg4+ Kh8 33. Rxf5 1-0

[Event "XI Open Elite"]
[Site "Bergamo ITA"]
[Date "2012.07.15"]
[Round "6"]
[White "Lezzerini, Marco"]
[Black "Migliorini, Matteo"]
[WhiteElo "1948"]
[BlackElo "1996"]
[Result "1/2-1/2"]
[PlyCount "29"]
[EventDate "2012.07.13"]

1. d4 Nf6 2. c4 e6 3. Nf3 c5 4. d5 exd5 5. cxd5 d6 6. Nc3 g6 7. Nd2 a6 8. a4
Nbd7 9. a5 Ne5 10. e4 Bg7 11. Be2 O-O 12. O-O Ne8 13. f3 Qc7 14. Nc4 Nxc4 15.
Bxc4 1/2-1/2

[Event "XI Open Elite"]
[Site "Bergamo ITA"]
[Date "2012.07.15"]
[Round "6"]
[White "Messina, Roberta"]
[Black "Kasparova, Tatiana"]
[WhiteElo "1961"]
[BlackElo "2125"]
[Result "1-0"]
[PlyCount "195"]
[EventDate "2012.07.13"]

1. d4 Nf6 2. Nc3 d6 3. e4 e5 4. Nf3 Nbd7 5. Bc4 Be7 6. O-O O-O 7. h3 c6 8. a4
b6 9. Re1 Bb7 10. d5 a6 11. dxc6 Bxc6 12. b3 Nc5 13. Bd5 Bxd5 14. exd5 Ne8 15.
Na2 f5 16. Nb4 Bf6 17. Nc6 Qd7 18. Bg5 a5 19. c3 Ne4 20. Bxf6 gxf6 21. Qd3 Kh8
22. Nh4 Ng7 23. f3 Nc5 24. Qb5 Qf7 25. b4 Nd7 26. f4 Rg8 27. Ra2 Qh5 28. Nf3
Ne8 29. Ne7 Rg7 30. Qxd7 Qxf3 31. Qc6 Qg3 32. Rae2 Rxe7 33. Qxa8 Qxc3 34. Qd8
Qc7 35. Qxc7 Nxc7 36. bxa5 bxa5 37. fxe5 fxe5 38. Rd1 Na6 39. Rf1 Nc5 40. Rxf5
Nxa4 41. Ra2 Nc5 42. Rxa5 Kg7 43. Ra3 Rf7 44. Rg3+ Kf8 45. Rgf3 Rxf5 46. Rxf5+
Kg7 47. Kf1 Ne4 48. Ke1 Nf6 49. Rf2 Kg6 50. Rd2 Kf5 51. Rf2+ Kg6 52. g4 Ne4 53.
Rf8 h5 54. gxh5+ Kxh5 55. Rh8+ Kg6 56. Rg8+ Kf7 57. Rg2 Nf6 58. Rd2 Kg6 59.
Rg2+ Kh6 60. Rd2 Kh5 61. Kf1 Ne4 62. Rc2 Kg5 63. Kg2 Nf6 64. Rd2 Nh5 65. Kh2
Nf4 66. Ra2 e4 67. Kg3 Nh5+ 68. Kh2 Nf4 69. Ra1 Kf5 70. Kg3 Nxd5 71. Ra5 Ke6
72. h4 Nf6 73. h5 d5 74. h6 Kf7 75. Kf4 d4 76. Kf5 Nh7 77. Ra7+ Kg8 78. Kxe4
Ng5+ 79. Kf5 Nh7 80. Rg7+ Kh8 81. Kg6 Nf8+ 82. Kf7 Nd7 83. Ke8 Nf6+ 84. Kf7 Nd7
85. Ke6 Nb6 86. Rb7 Nc4 87. Kf6 d3 88. Kg6 Ne5+ 89. Kf6 d2 90. Rb1 Ng4+ 91. Kg6
Ne5+ 92. Kh5 Nc4 93. Rb8+ Kh7 94. Rb7+ Kg8 95. Rd7 Kh8 96. Rd4 Kh7 97. Rd5 Kh8
98. Kg6 1-0

[Event "XI Open Elite"]
[Site "Bergamo ITA"]
[Date "2012.07.15"]
[Round "6"]
[White "Neiksans, Arturs"]
[Black "Georgiev, Kiril D."]
[WhiteElo "2534"]
[BlackElo "2680"]
[Result "1/2-1/2"]
[PlyCount "32"]
[EventDate "2012.07.13"]

1. e4 e5 2. Nf3 Nc6 3. Bb5 Nf6 4. O-O Nxe4 5. d4 Nd6 6. Bg5 Be7 7. Bxe7 Qxe7 8.
Bxc6 dxc6 9. dxe5 Nf5 10. Qd2 Nh4 11. Nxh4 Qxh4 12. Nc3 Bf5 13. f4 Rd8 14. Qe3
Qe7 15. Rf2 O-O 16. h3 f6 1/2-1/2

[Event "XI Open Elite"]
[Site "Bergamo ITA"]
[Date "2012.07.15"]
[Round "6"]
[White "Platino, Maurizio"]
[Black "Kaluzny, Lukasz"]
[WhiteElo "1901"]
[BlackElo "1969"]
[Result "1/2-1/2"]
[PlyCount "71"]
[EventDate "2012.07.13"]

1. d4 d5 2. c4 c6 3. Nf3 Nf6 4. Nc3 dxc4 5. e3 b5 6. a4 b4 7. Nb1 a5 8. Bxc4
Bf5 9. Ne5 e6 10. Nd2 Be7 11. O-O O-O 12. Qf3 Qb6 13. e4 Qxd4 14. exf5 Qxe5 15.
fxe6 fxe6 16. Qb3 Nd5 17. Nf3 Qh5 18. Re1 Nd7 19. Qd3 Nc5 20. Qe2 Bd6 21. Ne5
Qxe5 22. Qxe5 Bxe5 23. Rxe5 Rae8 24. b3 Nd7 25. Re1 N7b6 26. Ba6 Rf7 27. Bb2
Ra7 28. Bf1 Kf7 29. Rac1 Rc8 30. Bd4 Raa8 31. g3 Nd7 32. Bh3 Nf8 33. Bc5 Nc3
34. Re3 Re8 35. Rce1 Nd5 36. Rf3+ 1/2-1/2

[Event "XI Open Elite"]
[Site "Bergamo ITA"]
[Date "2012.07.15"]
[Round "6"]
[White "Roos, Adrian"]
[Black "Monjac, Mislav"]
[WhiteElo "2180"]
[BlackElo "2093"]
[Result "1-0"]
[PlyCount "89"]
[EventDate "2012.07.13"]

1. d4 Nf6 2. c4 e6 3. g3 c5 4. d5 exd5 5. cxd5 d6 6. Nc3 g6 7. Bg2 Bg7 8. Nf3
O-O 9. O-O Na6 10. h3 Nc7 11. a4 Rb8 12. Nd2 b6 13. Re1 a6 14. Nc4 b5 15. axb5
axb5 16. Na5 Bd7 17. Nc6 Bxc6 18. dxc6 b4 19. Na4 Re8 20. Bf4 Nb5 21. g4 Bf8
22. Qd3 Qe7 23. Rad1 Red8 24. b3 Nc7 25. e4 Ne6 26. Bg3 Nd4 27. e5 dxe5 28. Qc4
Ne6 29. Bxe5 Rxd1 30. Rxd1 Rd8 31. Rxd8 Qxd8 32. Qxe6 fxe6 33. c7 Qd7 34. Nb6
Qd1+ 35. Bf1 Nd7 36. c8=Q Nxe5 37. Qxe6+ Nf7 38. Nd7 Bd6 39. Nf6+ Kg7 40. Ne8+
Kg8 41. Kg2 Kf8 42. Bc4 Qf3+ 43. Kxf3 Ng5+ 44. Ke3 Nxe6 45. Nxd6 1-0

[Event "XI Open Elite"]
[Site "Bergamo ITA"]
[Date "2012.07.15"]
[Round "6"]
[White "Sala, Giovanni"]
[Black "Pescatore, Lorenzo"]
[WhiteElo "1996"]
[BlackElo "2201"]
[Result "1-0"]
[PlyCount "95"]
[EventDate "2012.07.13"]

1. c4 c5 2. g3 g6 3. Bg2 Bg7 4. Nc3 Nc6 5. Nf3 e5 6. O-O Nge7 7. d3 O-O 8. a3
d6 9. Rb1 a5 10. Ne1 Be6 11. Bg5 f6 12. Be3 Qd7 13. Nc2 Bh3 14. b4 Bxg2 15.
Kxg2 b6 16. bxc5 bxc5 17. Bd2 f5 18. Ne3 f4 19. Ned5 Nxd5 20. Nxd5 Nd4 21. f3
Ra6 22. Bc3 Nf5 23. Rb5 fxg3 24. hxg3 a4 25. e4 Ne7 26. Nxe7+ Qxe7 27. Qe2 h5
28. Bd2 Bf6 29. Qe3 Qf7 30. Qe2 Qe7 31. Qe3 Ra7 32. Rfb1 g5 33. Qe2 Qg7 34. g4
hxg4 35. fxg4 Bd8 36. Rf1 Rxf1 37. Qxf1 Rf7 38. Qe2 Qf6 39. Rb1 Rh7 40. Rb8 Kf7
41. Rb7+ Be7 42. Rb1 Qh6 43. Qf1+ Ke8 44. Qh1 Qg7 45. Qf1 Qh8 46. Rb8+ Bd8 47.
Bxg5 Rh2+ 48. Kg3 1-0

[Event "XI Open Elite"]
[Site "Bergamo ITA"]
[Date "2012.07.15"]
[Round "6"]
[White "Salgado Lopez, Oscar"]
[Black "Moroni, Luca jr"]
[WhiteElo "2218"]
[BlackElo "2128"]
[Result "1/2-1/2"]
[PlyCount "91"]
[EventDate "2012.07.13"]

1. e4 c5 2. b3 d6 3. Bb2 e5 4. f4 Nc6 5. Nf3 Bg4 6. fxe5 dxe5 7. Bb5 Bd6 8.
Bxc6+ bxc6 9. d3 Ne7 10. Nbd2 O-O 11. O-O Ng6 12. Qe1 f6 13. Nc4 Be7 14. Qe3
Qd7 15. Ba3 Bxf3 16. Rxf3 Qd4 17. Bb2 Qxe3+ 18. Rxe3 Nf4 19. Rf1 Ne6 20. g3 Nd4
21. Bxd4 cxd4 22. Ref3 h5 23. Kg2 Kh7 24. Rf5 g6 25. R5f3 g5 26. Rf5 Kg6 27.
Kf2 a5 28. a3 Rfe8 29. Ke2 Ra6 30. h3 Raa8 31. Rb1 Reb8 32. Rff1 Ra6 33. Rb2
Bf8 34. Rfb1 Rb5 35. Rf1 Rb8 36. Rbb1 Be7 37. h4 g4 38. Rf5 Raa8 39. Rbf1 Re8
40. Kd2 Rf8 41. Kc1 Rfe8 42. Kb2 Rf8 43. Ka2 Rfe8 44. R1f2 Bd8 45. Rf1 Be7 46.
R5f2 1/2-1/2

[Event "XI Open Elite"]
[Site "Bergamo ITA"]
[Date "2012.07.15"]
[Round "6"]
[White "Seyfried, Claus"]
[Black "Sorbera, Giovanni"]
[WhiteElo "2101"]
[BlackElo "2165"]
[Result "0-1"]
[PlyCount "116"]
[EventDate "2012.07.13"]

1. e4 Nf6 2. e5 Nd5 3. d4 d6 4. Nf3 dxe5 5. Nxe5 c6 6. Qf3 Be6 7. c3 Nd7 8.
Nxd7 Qxd7 9. Nd2 Bg4 10. Qe4 Bf5 11. Qf3 h5 12. Nc4 Qe6+ 13. Qe2 Qxe2+ 14. Bxe2
h4 15. O-O f6 16. Re1 Kf7 17. Bd2 g5 18. Ne3 Nxe3 19. Bxe3 e6 20. Bc4 Bd6 21.
Re2 h3 22. g3 Bg4 23. Rd2 Rhg8 24. Rf1 Bf3 25. Be2 Bg2 26. Re1 f5 27. f3 Rad8
28. Bf2 Kf6 29. Bc4 Rge8 30. Rde2 Bxf3 31. Rxe6+ Rxe6 32. Rxe6+ Kg7 33. Be1 b5
34. Bb3 Bg4 35. Bc2 Kf7 36. Bb3 Kg7 37. Bc2 c5 38. Bd2 cxd4 39. cxd4 Bc5 40.
Bxg5 Bxd4+ 41. Kf1 Rc8 42. Bd3 Bb6 43. a3 Rc7 44. Re7+ Rxe7 45. Bxe7 a6 46. Bb4
Kf6 47. Be1 Ke6 48. Bf2 Bc7 49. a4 bxa4 50. Bxa6 Be5 51. b4 Bd1 52. Bc4+ Kd6
53. Ke1 Bb3 54. Bxb3 axb3 55. Kd2 Kc6 56. Kd3 Kb5 57. Be1 Ka4 58. Bd2 Bxg3 0-1

[Event "XI Open Elite"]
[Site "Bergamo ITA"]
[Date "2012.07.15"]
[Round "6"]
[White "Simonetto, Adriano"]
[Black "Koetz, Andreas"]
[WhiteElo "1919"]
[BlackElo "2008"]
[Result "1/2-1/2"]
[PlyCount "31"]
[EventDate "2012.07.13"]

1. d4 Nf6 2. c4 g6 3. Nc3 Bg7 4. g3 O-O 5. Bg2 d6 6. Nf3 Nbd7 7. O-O e5 8. e4
c6 9. h3 Re8 10. Be3 exd4 11. Nxd4 Nc5 12. Qc2 Qe7 13. Rfe1 Bd7 14. Bf4 Nh5 15.
Be3 Nf6 16. Bf4 1/2-1/2

[Event "XI Open Elite"]
[Site "Bergamo ITA"]
[Date "2012.07.15"]
[Round "6"]
[White "Sumets, Andrey"]
[Black "Stella, Andrea"]
[WhiteElo "2618"]
[BlackElo "2442"]
[Result "1-0"]
[PlyCount "93"]
[EventDate "2012.07.13"]

1. d4 Nf6 2. c4 g6 3. Nc3 Bg7 4. e4 d6 5. Nf3 O-O 6. Be2 Na6 7. O-O e5 8. d5
Nc5 9. Bg5 h6 10. Bxf6 Bxf6 11. b4 Nd7 12. Ne1 Bg5 13. Nd3 Qe7 14. Qc2 f5 15.
f4 exf4 16. exf5 Qe3+ 17. Kh1 Ne5 18. Nxe5 dxe5 19. fxg6 Bf5 20. Qb3 e4 21. Bh5
Bf6 22. Rac1 f3 23. gxf3 Qg5 24. Bg4 Bxg4 25. fxg4 Qxg4 26. Qc2 Rae8 27. Qg2
Qxg2+ 28. Kxg2 Bxc3 29. Rxc3 Rxf1 30. Kxf1 Kg7 31. Rg3 e3 32. Rg4 h5 33. Rd4
e2+ 34. Ke1 Kxg6 35. c5 Kf5 36. Rd2 Rd8 37. h4 Rd7 38. Kxe2 Ke5 39. d6 cxd6 40.
Ke3 Ke6 41. Rxd6+ Rxd6 42. cxd6 Kxd6 43. Kf4 Ke6 44. Kg5 b5 45. Kxh5 Kf5 46.
Kh6 Kf6 47. h5 1-0

[Event "XI Open Elite"]
[Site "Bergamo ITA"]
[Date "2012.07.15"]
[Round "6"]
[White "Tarelli, Daniele"]
[Black "Abella Vazquez, Cesar"]
[WhiteElo "1909"]
[BlackElo "2093"]
[Result "1/2-1/2"]
[PlyCount "153"]
[EventDate "2012.07.13"]

1. d4 d5 2. Nf3 Bf5 3. c4 e6 4. Qb3 Nc6 5. cxd5 Qxd5 6. Qxd5 exd5 7. Bd2 Nb4 8.
Bxb4 Bxb4+ 9. Nc3 Nf6 10. a3 Ba5 11. b4 Bb6 12. e3 a5 13. Nh4 Bd7 14. b5 a4 15.
Bd3 Ba5 16. Rc1 Ne4 17. Bxe4 dxe4 18. g3 Bxb5 19. Kd1 Bc4 20. Kc2 Rd8 21. Rhd1
Bxc3 22. Kxc3 O-O 23. Ng2 Bd5 24. h4 h6 25. Rd2 g5 26. hxg5 hxg5 27. Kb4 c6 28.
Kxa4 Ra8+ 29. Kb4 Ra6 30. a4 Kg7 31. Rb2 Rfa8 32. Ra1 Ra5 33. Ne1 b5 34. Nc2
Rxa4+ 35. Rxa4 Rxa4+ 36. Kc5 Kf6 37. Nb4 Ke6 38. Nxd5 cxd5 39. Kxb5 Ra8 40. Kb4
Rc8 41. Kb3 Kf5 42. Rc2 Rb8+ 43. Kc3 Kg4 44. Kd2 Kf3 45. Rc5 Rb2+ 46. Ke1 Re2+
47. Kd1 Kxf2 48. Rxd5 Kxe3 49. Rxg5 Rd2+ 50. Ke1 Rxd4 51. Rf5 Ra4 52. Kf1 Ra1+
53. Kg2 Ra7 54. Kf1 Kd3 55. Rd5+ Ke3 56. Rf5 Rb7 57. g4 Rd7 58. g5 Kd2 59. Ra5
e3 60. Ra2+ Kd3 61. Ra3+ Ke4 62. Ke2 Rd2+ 63. Ke1 Rg2 64. Ra7 f5 65. gxf6 Kf3
66. Rg7 Rh2 67. Kd1 e2+ 68. Kd2 Rh1 69. Re7 Rd1+ 70. Kc2 Rd8 71. f7 Rf8 72. Kd2
Rd8+ 73. Kc2 Rc8+ 74. Kd2 Rd8+ 75. Kc2 Rf8 76. Kd2 Rd8+ 77. Kc2 1/2-1/2

[Event "XI Open Elite"]
[Site "Bergamo ITA"]
[Date "2012.07.15"]
[Round "6"]
[White "Valsecchi, Alessio"]
[Black "Gomez Dieguez, David"]
[WhiteElo "2425"]
[BlackElo "2081"]
[Result "1-0"]
[PlyCount "75"]
[EventDate "2012.07.13"]

1. c4 e5 2. g3 Nc6 3. Bg2 d6 4. Nc3 Be6 5. Nd5 Qd7 6. e3 Nge7 7. a3 Nd8 8. d4
c6 9. Nxe7 Bxe7 10. d5 cxd5 11. cxd5 Bg4 12. Qb3 f5 13. f3 Bh5 14. Nh3 O-O 15.
O-O Nf7 16. Bd2 g5 17. Nf2 Bg6 18. a4 Rfc8 19. a5 Rc5 20. e4 f4 21. Bh3 Qb5 22.
Qxb5 Rxb5 23. b4 g4 24. Bxg4 Ng5 25. gxf4 exf4 26. Nd3 Bf6 27. Nxf4 Bxa1 28.
Rxa1 Be8 29. Rc1 a6 30. h4 Nf7 31. Ne6 Ne5 32. Nd4 h5 33. Be6+ Kh7 34. Rc7+ Kh8
35. Bg5 Bf7 36. Bf6+ Kg8 37. Bxe5 Bxe6 38. Nxb5 1-0

[Event "XI Open Elite"]
[Site "Bergamo ITA"]
[Date "2012.07.15"]
[Round "6"]
[White "Ventura, Franco"]
[Black "Aranovitch, Emiliano"]
[WhiteElo "2084"]
[BlackElo "2329"]
[Result "0-1"]
[PlyCount "96"]
[EventDate "2012.07.13"]

1. c4 c5 2. Nf3 Nf6 3. Nc3 Nc6 4. g3 g6 5. Bg2 Bg7 6. d4 cxd4 7. Nxd4 Nxd4 8.
Qxd4 O-O 9. O-O d6 10. Qd2 Be6 11. b3 d5 12. cxd5 Nxd5 13. Bxd5 Bxd5 14. Bb2
Bc6 15. Qxd8 Rfxd8 16. Rfd1 e5 17. Rxd8+ Rxd8 18. Rd1 Rxd1+ 19. Nxd1 f6 20. Kf1
Kf7 21. Ke1 Bh6 22. f3 Ke6 23. Kf2 Bf8 24. Bc1 a5 25. Bd2 a4 26. e4 f5 27. Nc3
b5 28. bxa4 bxa4 29. Ke2 Bc5 30. h3 Kd6 31. h4 h5 32. exf5 gxf5 33. f4 e4 34.
Be3 Bxe3 35. Kxe3 Kc5 36. Kd2 a3 37. Nd1 Bd5 38. Ne3 Bxa2 39. Nc2 Bc4 40. Nxa3
Bd3 41. Kc3 Kd5 42. Kd2 Kd4 43. Nc2+ Bxc2 44. Kxc2 e3 45. Kd1 Kd3 46. Ke1 e2
47. g4 hxg4 48. h5 g3 0-1

[Event "XI Open Elite"]
[Site "Bergamo ITA"]
[Date "2012.07.15"]
[Round "6"]
[White "Ventura, Salvatore"]
[Black "Kizilkaya, Mehmet"]
[WhiteElo "2014"]
[BlackElo "2195"]
[Result "1/2-1/2"]
[PlyCount "83"]
[EventDate "2012.07.13"]

1. f4 d5 2. Nf3 c5 3. e3 Nf6 4. Be2 g6 5. O-O Bg7 6. d3 O-O 7. Nc3 Nc6 8. e4 d4
9. Nb1 e5 10. Nxe5 Nxe5 11. fxe5 Nd7 12. e6 fxe6 13. Bg4 Ne5 14. Bh3 Rxf1+ 15.
Qxf1 g5 16. Qe2 Bd7 17. Nd2 Qf8 18. Bg4 Qe7 19. Bh5 Be8 20. Bxe8 Rxe8 21. Nf3
Nxf3+ 22. Qxf3 Rf8 23. Qe2 Be5 24. g3 h6 25. Bd2 b5 26. a4 a6 27. axb5 axb5 28.
Rf1 Bg7 29. Rxf8+ Qxf8 30. Qg4 Qf6 31. b3 Kh7 32. Kg2 c4 33. bxc4 bxc4 34. dxc4
d3 35. c3 Qe7 36. e5 Kh8 37. Qe4 Qc5 38. Qxd3 Qxe5 39. Qd8+ Kh7 40. Qd3+ Kg8
41. Qd8+ Kh7 42. Qd3+ 1/2-1/2